Postavenie Číny a USA v rámci organizácie APEC
Všeobecná charakteristika organizácie APEC (Asian Pacific Economic Cooperation). Čína versus USA, ich hospodárske záujmy v oblasti východnej Ázie a Pacifiku. Hospodárska bipolarita, respektíve multipolarita v ázijsko-tichomorskom regióne.
Saved in:
| Main Author: | |
|---|---|
| Format: | Book Chapter |
| Language: | Slovak |
| Subjects: | |
| Tags: |
No Tags, Be the first to tag this record!
|
MARC
| LEADER | 00000nla$a2200000$$$4500 | ||
|---|---|---|---|
| 001 | 0137198 | ||
| 005 | 20240502083329.9 | ||
| 041 | 0 | |a slo | |
| 044 | |a CZ | ||
| 245 | 1 | 0 | |a Postavenie Číny a USA v rámci organizácie APEC |c Lukáš Holas |
| 520 | |a Všeobecná charakteristika organizácie APEC (Asian Pacific Economic Cooperation). Čína versus USA, ich hospodárske záujmy v oblasti východnej Ázie a Pacifiku. Hospodárska bipolarita, respektíve multipolarita v ázijsko-tichomorskom regióne. | ||
| 610 | 2 | 0 | |a záujmy ekonomické |
| 610 | 2 | 0 | |a vzťahy hospodárske medzinárodné |
| 610 | 2 | 0 | |a Čína |
| 610 | 2 | 0 | |a USA |
| 610 | 2 | 0 | |a India |
| 100 | 1 | |a Holas, Lukáš | |